000 00423nam a2200181Ia 4500
005 20240823022529.0
008 240823s9999||||xx |||||||||||||| ||und||
041 _aENGLISH
082 _A660 P7
100 _aJain and Jain
245 0 _aEngineering Chemistry - Vol 1
250 _a14th
260 _c2007
_b"Dhanpat Rai,"
500 _aTRANSFERED
650 _aChemistry
_bChemistry
942 _cBK
999 _c179389
_d179389